[Event "7th Asrian Memorial 2014"]
[Site "Jermuk ARM"]
[Date "2014.06.16"]
[Round "1.1"]
[White "Pashikian, Arman"]
[Black "Mnatsakanian, Eduard A"]
[Result "1-0"]
[WhiteTitle "GM"]
[BlackTitle "IM"]
[WhiteElo "2630"]
[BlackElo "2143"]
[WhiteFideId "13301578"]
[BlackFideId "13300083"]
[EventDate "2014.06.16"]

1. d4 d5 2. Nf3 Nf6 3. c4 dxc4 4. e3 a6 5. Bxc4 b5 6. Be2 Bb7 7. O-O e6 8. a4 c6
9. Nbd2 Nbd7 10. Nb3 Bd6 11. Qc2 Rc8 12. Nc5 Nxc5 13. dxc5 Bb8 14. e4 Qe7 15. b4
e5 16. Nh4 O-O 17. Nf5 Qe6 18. Rd1 Rcd8 19. Bg5 h6 20. Bh4 Bc7 21. Ra3 Rxd1+ 22.
Bxd1 Kh7 23. Qb1 Ng8 24. Rg3 g6 25. Bb3 Qe8 26. Nd6 Bxd6 27. cxd6 Bc8 28. Rd3
Bd7 29. Qc1 Kg7 30. Qc5 Nf6 31. f3 h5 32. Qa7 1-0

[Event "7th Asrian Memorial 2014"]
[Site "Jermuk ARM"]
[Date "2014.06.16"]
[Round "1.2"]
[White "Hakobyan, Aram"]
[Black "Hovhannisyan, Robert"]
[Result "0-1"]
[WhiteTitle "FM"]
[BlackTitle "GM"]
[WhiteElo "2129"]
[BlackElo "2601"]
[WhiteFideId "13306677"]
[BlackFideId "13302507"]
[EventDate "2014.06.16"]

1. d4 d6 2. Nf3 g6 3. Bf4 Bg7 4. e3 Nf6 5. h3 O-O 6. Be2 c5 7. c3 b6 8. O-O Bb7
9. Nbd2 Nbd7 10. a4 a6 11. Bh2 Qc7 12. Qb3 Bc6 13. Qa3 Qb7 14. b4 cxd4 15. cxd4
Ne4 16. Nxe4 Bxe4 17. Rfc1 Nf6 18. Ne1 h5 19. Bf3 g5 20. Bxe4 Nxe4 21. Qb2 g4
22. hxg4 hxg4 23. Qe2 Qd7 24. Nd3 Rfc8 25. Nf4 Qf5 26. Qa2 e6 27. Qe2 Bf6 28. f3
gxf3 29. gxf3 Ng5 30. Kh1 Qh7 31. Nd3 Kh8 32. Rg1 Nh3 33. Rg2 Rg8 34. Rd1 Rxg2
35. Qxg2 Rg8 36. Qe2 Bh4 37. Rf1 Bg3 38. e4 Rg5 39. Bxg3 Rxg3 40. Qh2 Rg5 41.
Rc1 Rh5 42. Rc8+ Kg7 43. Kg2 Rg5+ 44. Kf1 Qh5 45. Ne1 Qh4 46. Nd3 Rg3 47. Rc2
Rxf3+ 48. Ke2 Qxe4+ 0-1

[Event "7th Asrian Memorial 2014"]
[Site "Jermuk ARM"]
[Date "2014.06.16"]
[Round "1.3"]
[White "Ter-Sahakyan, Samvel"]
[Black "Tutisani, Noe"]
[Result "1/2-1/2"]
[WhiteTitle "GM"]
[WhiteElo "2587"]
[BlackElo "2115"]
[WhiteFideId "13302531"]
[BlackFideId "13602853"]
[EventDate "2014.06.16"]

1. e4 c5 2. Nf3 d6 3. d4 cxd4 4. Nxd4 Nf6 5. Nc3 g6 6. Be3 Bg7 7. f3 O-O 8. Qd2
Nc6 9. Bc4 Nxd4 10. Bxd4 Be6 11. Bb3 Qa5 12. O-O-O Rfc8 13. Kb1 b5 14. Rhe1 Bxb3
15. cxb3 b4 16. Bxf6 bxc3 17. Bxc3 Bxc3 18. bxc3 Rxc3 19. Re3 Rac8 20. Rxc3 Qxc3
21. Qxc3 Rxc3 22. Kb2 Rc7 23. Rc1 Rxc1 24. Kxc1 Kf8 25. b4 Ke8 26. b5 Kd7 27.
Kc2 Kc7 28. Kc3 e6 29. a4 Kb6 30. Kb4 h6 31. a5+ Kb7 32. Kc4 Kc7 33. Kd4 Kb7 34.
h3 Kc7 35. f4 Kb7 36. g3 Kc7 37. Ke3 Kd7 38. Kd3 Kc7 39. Kd4 Kd7 40. h4 Kc7 41.
g4 Kd7 42. e5 d5 43. f5 gxf5 44. gxf5 Kc7 45. Kc5 Kb7 46. Kd4 Kc7 47. f6 Kb7 48.
Ke3 Kc7 49. Kf4 Kc8 50. Kg4 Kc7 51. Kh5 Kd7 52. Kg4 Kc8 53. Kf4 Kc7 54. Kf3 Kc8
55. Ke3 Kb7 56. Kd3 Kc7 57. Kc3 Kb8 58. Kb3 Kc7 59. Ka4 Kb8 60. Kb4 Kb7 61. Kc5
Kc7 62. b6+ axb6+ 63. axb6+ Kb7 64. Kd6 d4 65. Ke7 d3 66. Kxf7 d2 67. Ke7 d1=Q
68. f7 Qd4 69. f8=Q Qxe5 70. Qxh6 Qc5+ 71. Kf7 Qf5+ 72. Qf6 Kxb6 73. Ke7 Kc5 74.
Qc3+ Kd5 75. Qb3+ Ke5 76. Qe3+ Kd5 77. Qd2+ Ke4 78. Qe2+ Kf4 79. Qxe6 Qxe6+ 80.
Kxe6 Kg4 1/2-1/2

[Event "7th Asrian Memorial 2014"]
[Site "Jermuk ARM"]
[Date "2014.06.16"]
[Round "1.4"]
[White "Imnadze, Nato"]
[Black "Grigoryan, Karen H."]
[Result "0-1"]
[WhiteTitle "WFM"]
[BlackTitle "GM"]
[WhiteElo "2113"]
[BlackElo "2577"]
[WhiteFideId "13600974"]
[BlackFideId "13301004"]
[EventDate "2014.06.16"]

1. e4 c5 2. Nf3 Nc6 3. d4 cxd4 4. Nxd4 Nf6 5. Nc3 d6 6. Bg5 e6 7. Qd2 a6 8.
O-O-O Bd7 9. f4 b5 10. Bxf6 gxf6 11. Nxc6 Bxc6 12. Qe3 Be7 13. Bd3 b4 14. Ne2
Qa5 15. Kb1 Qc5 16. Qh3 h5 17. f5 e5 18. Qh4 a5 19. g4 Bd8 20. gxh5 Ke7 21. Qh3
Bb6 22. Qf3 a4 23. h4 Rh7 24. Rc1 Rah8 25. c3 b3 26. a3 Rxh5 27. Qg4 Qe3 28.
Rcd1 Qh6 29. Bc4 Rxh4 30. Rxh4 Qxh4 31. Qxh4 Rxh4 32. Bd5 Bxd5 33. exd5 Re4 34.
Ng3 Re3 35. Nf1 Rf3 36. Nd2 Rd3 0-1

[Event "7th Asrian Memorial 2014"]
[Site "Jermuk ARM"]
[Date "2014.06.16"]
[Round "1.5"]
[White "Kotanjian, Tigran"]
[Black "Sargsyan, Shant"]
[Result "1-0"]
[WhiteTitle "GM"]
[BlackTitle "CM"]
[WhiteElo "2546"]
[BlackElo "2095"]
[WhiteFideId "13301250"]
[BlackFideId "13306766"]
[EventDate "2014.06.16"]

1. d4 Nf6 2. c4 e6 3. Nf3 b6 4. g3 Ba6 5. Nbd2 Bb4 6. Qc2 c5 7. Bg2 Nc6 8. dxc5
bxc5 9. O-O Bxd2 10. Bxd2 Bb7 11. Bf4 Ne7 12. Rfd1 Nf5 13. Nh4 Nd4 14. Rxd4 Bxg2
15. Rd2 Bc6 16. f3 O-O 17. Bd6 Re8 18. Bxc5 Qa5 19. b4 Qa4 20. b5 Qxc2 21. Rxc2
Bb7 22. Bd4 e5 23. Bb2 g6 24. a4 Rac8 25. e4 Re6 26. c5 a6 27. Ng2 Ne8 28. Rd1
axb5 29. axb5 Nd6 30. b6 Ne8 31. Rxd7 Rxb6 32. cxb6 Rxc2 33. Rxb7 Rxb2 34. Rb8
Rb1+ 35. Kf2 Rb2+ 36. Ke1 Kf8 37. Ne3 Ke7 38. Nd5+ Kd7 39. Rb7+ Kc8 40. Rxf7 Nd6
41. Rxh7 Nb5 42. Ne7+ Kb7 43. Nxg6+ Kxb6 44. Nxe5 Rb1+ 45. Kf2 Kc5 46. Rd7 Rb2+
47. Ke3 Rxh2 48. g4 Rg2 49. g5 Na3 50. g6 Nc2+ 51. Kf4 Kb4 52. g7 Kc3 53. Ng4 1-0

[Event "7th Asrian Memorial 2014"]
[Site "Jermuk ARM"]
[Date "2014.06.16"]
[Round "1.6"]
[White "Barseghyan, Harutyun"]
[Black "Aghasaryan, Robert"]
[Result "0-1"]
[BlackTitle "GM"]
[WhiteElo "2085"]
[BlackElo "2502"]
[WhiteFideId "13304585"]
[BlackFideId "13302841"]
[EventDate "2014.06.16"]

1. d4 d5 2. c4 e6 3. Nc3 Be7 4. cxd5 exd5 5. Bf4 c6 6. e3 Bf5 7. Nge2 Nd7 8. Ng3
Be6 9. Nh5 Bf8 10. Bg3 Ngf6 11. Bd3 Nxh5 12. Qxh5 Be7 13. O-O Nf6 14. Qe2 O-O
15. a3 a5 16. Rad1 Re8 17. h3 h6 18. Bb1 Rc8 19. Rc1 b5 20. Bh4 Nd7 21. Bxe7
Qxe7 22. Rfe1 Nb6 23. e4 b4 24. exd5 cxd5 25. Nb5 Rxc1 26. Rxc1 bxa3 27. Nxa3
Qb4 28. Qb5 Qxb5 29. Nxb5 Nc4 30. Nc7 Rd8 31. b3 Nd2 32. Ba2 Ne4 33. Na6 Rc8 34.
Rxc8+ Bxc8 35. Nc5 Nc3 36. b4 Nxa2 37. b5 Nc3 38. b6 a4 39. b7 Bxb7 40. Nxb7 a3
41. Nc5 Ne2+ 42. Kf1 Nc1 0-1

[Event "7th Asrian Memorial 2014"]
[Site "Jermuk ARM"]
[Date "2014.06.16"]
[Round "1.7"]
[White "Babujian, Levon"]
[Black "Arutjunian, Babken"]
[Result "1-0"]
[WhiteTitle "GM"]
[WhiteElo "2482"]
[BlackElo "2067"]
[WhiteFideId "13301993"]
[BlackFideId "4187199"]
[EventDate "2014.06.16"]

1. d4 Nf6 2. c4 e6 3. Nf3 Bb4+ 4. Nc3 Ne4 5. Qd3 f5 6. g4 O-O 7. gxf5 exf5 8.
Rg1 d6 9. Bh6 Rf7 10. Ng5 Rf6 11. Nxe4 Rxh6 12. Ng3 Qf6 13. Bg2 c6 14. Bf3 Qg5
15. Rg2 Rg6 16. e3 f4 17. Ne2 Bxc3+ 18. Qxc3 Qh6 19. Nxf4 Rxg2 20. Bxg2 g5 21.
Ne2 Qxh2 22. Be4 Bg4 23. Qa5 Qh6 24. Qd8+ Kf7 25. Kd2 Qf6 26. Qc7+ Qe7 27. Rh1
h5 28. Qxe7+ Kxe7 29. f3 Be6 30. Rxh5 Bxc4 31. Rh7+ Kf6 32. Ng3 Na6 33. Nh5+ Ke6
34. f4 d5 35. Bf3 gxf4 36. Bg4+ 1-0

[Event "7th Asrian Memorial 2014"]
[Site "Jermuk ARM"]
[Date "2014.06.16"]
[Round "1.8"]
[White "Bakhtiari Kish, Mazdak"]
[Black "Mkrtchian, Lilit"]
[Result "1-0"]
[BlackTitle "IM"]
[WhiteElo "2054"]
[BlackElo "2456"]
[WhiteFideId "12500950"]
[BlackFideId "13300601"]
[EventDate "2014.06.16"]

1. b3 e5 2. Bb2 Nc6 3. c4 Nf6 4. e3 Be7 5. d3 O-O 6. a3 a5 7. Qc2 d6 8. Nf3 Bf5
9. Nc3 Re8 10. h3 Bf8 11. Nd2 Nb8 12. O-O-O c6 13. g4 Bc8 14. g5 Nfd7 15. h4 Na6
16. d4 d5 17. Bd3 e4 18. Ndxe4 dxe4 19. Bxe4 Rxe4 20. Nxe4 a4 21. h5 axb3 22.
Qxb3 b5 23. h6 bxc4 24. Qc2 Rb8 25. hxg7 Bxg7 26. Rxh7 Qb6 27. Bc3 Qb3 28. Rdh1
Qxc2+ 29. Kxc2 Nf8 30. Rxg7+ Kxg7 31. d5+ Kg6 32. Rh6+ Kf5 33. f3 Ng6 34. Nd6+
Kxg5 35. Nxf7+ Kf5 36. Rh5# 1-0

[Event "7th Asrian Memorial 2014"]
[Site "Jermuk ARM"]
[Date "2014.06.16"]
[Round "1.9"]
[White "Harutyunian, Tigran K."]
[Black "Aleksanyan, Hrant"]
[Result "1-0"]
[WhiteTitle "IM"]
[WhiteElo "2436"]
[BlackElo "2015"]
[WhiteFideId "13303635"]
[BlackFideId "13306634"]
[EventDate "2014.06.16"]

1. d4 Nf6 2. c4 e6 3. Nc3 Bb4 4. Qc2 O-O 5. e4 d5 6. e5 Ne4 7. Bd3 c5 8. Ne2
cxd4 9. Nxd4 Nd7 10. Bf4 Ndc5 11. O-O Bxc3 12. bxc3 Bd7 13. Be2 Ba4 14. Qb2 Bc6
15. Qa3 Nd7 16. cxd5 exd5 17. Bg4 Re8 18. Nxc6 bxc6 19. Bxd7 Qxd7 20. f3 g5 21.
Bc1 Rxe5 22. fxe4 dxe4 23. Be3 Rd5 24. c4 Rd3 25. Qc5 h6 26. Rae1 Rd8 27. h4
gxh4 28. Qh5 Rd6 29. Qxh4 Re8 30. Bxh6 Rg6 31. Be3 Kg7 32. Rd1 Qe6 33. Bd4+ f6
34. Bxf6+ Rxf6 35. Rxf6 Qxf6 36. Rd7+ Kg6 37. Qh7+ Kg5 38. Rg7+ Kf4 39. Rf7 Re6
40. Rxf6+ Rxf6 41. Kf2 1-0

[Event "7th Asrian Memorial 2014"]
[Site "Jermuk ARM"]
[Date "2014.06.16"]
[Round "1.10"]
[White "Bashirinia, Omid"]
[Black "Bagaturov, Giorgi"]
[Result "0-1"]
[BlackTitle "GM"]
[WhiteElo "2005"]
[BlackElo "2427"]
[WhiteFideId "12502197"]
[BlackFideId "13600133"]
[EventDate "2014.06.16"]

1. d4 Nf6 2. Nf3 g6 3. c4 c5 4. g3 Bg7 5. Bg2 O-O 6. O-O cxd4 7. Nxd4 Nc6 8. Nc3
Qa5 9. Nxc6 dxc6 10. Qc2 Bf5 11. Qa4 Qxa4 12. Nxa4 Nd7 13. Bd2 Nb6 14. Nxb6 axb6
15. Bc3 Bxc3 16. bxc3 Ra4 17. e4 Bc8 18. Rfc1 Rxc4 19. a4 Rd8 20. f3 Rd2 21. Bf1
Rc5 22. c4 f5 23. Rd1 Rxd1 24. Rxd1 Kf7 25. Rd8 Be6 26. exf5 gxf5 27. Rb8 Bxc4
28. Rxb7 b5 29. a5 Bxf1 30. Kxf1 Ke6 31. a6 Rc1+ 32. Ke2 Rc2+ 33. Ke3 Rxh2 34.
a7 Ra2 35. Kf4 h5 36. Rb6 Ra4+ 37. Ke3 Kd5 38. Rb7 e5 0-1

[Event "7th Asrian Memorial 2014"]
[Site "Jermuk ARM"]
[Date "2014.06.16"]
[Round "1.11"]
[White "Petrosian, Davit G."]
[Black "Manukyan, Artyom"]
[Result "1-0"]
[WhiteTitle "GM"]
[WhiteElo "2425"]
[BlackElo "1973"]
[WhiteFideId "13301349"]
[BlackFideId "13305786"]
[EventDate "2014.06.16"]

1. e4 e5 2. Nf3 Nc6 3. d4 exd4 4. Nxd4 Nf6 5. Nc3 Bb4 6. Nxc6 bxc6 7. Bd3 d5 8.
exd5 cxd5 9. O-O O-O 10. Bg5 c6 11. h3 Rb8 12. Ne2 h6 13. Bh4 Bd6 14. b3 c5 15.
c3 Be6 16. Re1 Re8 17. Bc2 g5 18. Bg3 Bxg3 19. Nxg3 Qd6 20. Nh5 Nxh5 21. Qxh5
Qf8 22. h4 Qg7 23. hxg5 Qxg5 24. Re5 Qxh5 25. Rxh5 Kg7 26. f3 f6 27. Kf2 Bf7 28.
Rhh1 a5 29. Rh4 Re5 30. Ra4 Rbe8 31. Bd3 c4 32. bxc4 dxc4 33. Bxc4 Bxc4 34. Rxc4
Re2+ 35. Kg3 Rc2 36. Rd1 Rxa2 37. Rd7+ Kg6 38. Rg4+ Kf5 39. Rf4+ Kg6 40. Rd6 Rf8
41. Ra6 Ra3 42. Rc4 Ra2 43. Kh3 Rf7 44. g3 Re7 45. Rcc6 Rf7 46. Kg4 h5+ 47. Kf4
a4 48. Rc5 Re7 49. Rg5+ Kf7 50. Rxh5 Kg7 51. Rf5 Rf7 52. Kg4 Ra1 53. f4 Ra2 54.
Rc5 Kg6 55. Rg5+ Kh7 56. Rga5 Rg7+ 57. Kf5 Rxg3 58. Kxf6 Rg6+ 59. Ke5 Rxa6 60.
Rxa6 Rc2 61. Kd4 Rf2 62. c4 Rxf4+ 63. Kc5 Kg7 64. Rxa4 Kf7 65. Ra1 Ke7 66. Rd1
Rf8 67. Kb6 Rc8 68. c5 Rb8+ 69. Kc7 Rb2 70. Re1+ 1-0

[Event "7th Asrian Memorial 2014"]
[Site "Jermuk ARM"]
[Date "2014.06.16"]
[Round "1.12"]
[White "Yayloyan, Konstantin"]
[Black "Hayrapetyan, Hovik"]
[Result "0-1"]
[BlackTitle "GM"]
[WhiteElo "1970"]
[BlackElo "2420"]
[WhiteFideId "13307088"]
[BlackFideId "13302639"]
[EventDate "2014.06.16"]

1. e4 c5 2. Nf3 e6 3. d4 cxd4 4. Nxd4 a6 5. Nc3 Qc7 6. Qf3 Nc6 7. Be3 Bb4 8.
Nxc6 dxc6 9. Bd4 f6 10. a3 Bf8 11. O-O-O e5 12. Be3 b5 13. Qg3 g6 14. f4 Bh6 15.
f5 Kf7 16. Be2 Kg7 17. Rhf1 Bd7 18. h4 Be8 19. Bxh6+ Nxh6 20. Qf2 Qe7 21. g4 Rf8
22. Qe3 g5 23. hxg5 fxg5 24. Qh3 Ng8 25. Bd3 Rd8 26. Ne2 Rf6 27. Ng1 Nh6 28. Rd2
Nf7 29. Qe3 c5 30. Rh2 c4 31. Be2 Bc6 32. Bf3 a5 33. Ne2 b4 34. Ng3 Kg8 35. Rfh1
h6 36. a4 Bxa4 37. Nh5 Rc6 38. f6 Qc5 39. Qxc5 Rxc5 40. Ng3 Rc6 41. Nf5 Rxf6 42.
Nxh6+ Nxh6 43. Rxh6 Rxh6 44. Rxh6 Rf8 45. Be2 Rf2 46. Kd2 Bxc2 47. Ke1 Rf4 48.
Rg6+ Kf7 49. Rxg5 Rxe4 50. Kd2 Bb3 51. Rf5+ Ke6 52. Rf8 Rd4+ 53. Ke3 c3 54. bxc3
bxc3 55. Rc8 c2 56. Bd3 Rxg4 57. Bxc2 Bxc2 58. Rxc2 a4 59. Rc8 Kd5 60. Rd8+ Kc4 0-1

[Event "7th Asrian Memorial 2014"]
[Site "Jermuk ARM"]
[Date "2014.06.16"]
[Round "1.14"]
[White "Hakobyan, Hovhannes H."]
[Black "Kalashian, David"]
[Result "0-1"]
[BlackTitle "IM"]
[WhiteElo "1927"]
[BlackElo "2395"]
[WhiteFideId "13306308"]
[BlackFideId "13302418"]
[EventDate "2014.06.16"]

1. e4 c5 2. Nf3 a6 3. Nc3 b5 4. d4 cxd4 5. Nxd4 Bb7 6. Bd3 e6 7. O-O d6 8. Qf3
Nf6 9. a3 Be7 10. Qg3 O-O 11. Bh6 Ne8 12. Be3 Nd7 13. Nb3 Ne5 14. Bd4 Nxd3 15.
cxd3 Bh4 16. Qe3 e5 17. Bb6 Qd7 18. Na5 Rb8 19. Nxb7 Qxb7 20. Nd5 Nf6 21. Nxf6+
Bxf6 22. Ba5 h6 23. Bc3 d5 24. Qe2 Rfe8 25. g3 Rbc8 26. h4 Bd8 27. Rac1 Bb6 28.
Kg2 f5 29. f3 f4 30. g4 Be3 31. Bd2 d4 32. Bxe3 dxe3 33. Rc3 Qe7 34. Rxc8 Rxc8
35. Rh1 b4 0-1

[Event "7th Asrian Memorial 2014"]
[Site "Jermuk ARM"]
[Date "2014.06.16"]
[Round "1.15"]
[White "Petrosyan, Manuel"]
[Black "Gharibyan, Mamikon"]
[Result "1-0"]
[WhiteTitle "FM"]
[WhiteElo "2378"]
[BlackElo "1924"]
[WhiteFideId "13300857"]
[BlackFideId "13308300"]
[EventDate "2014.06.16"]

1. d4 Nf6 2. c4 e6 3. Nc3 Bb4 4. Qc2 b6 5. a3 Bxc3+ 6. Qxc3 Ne4 7. Qc2 Bb7 8.
Bf4 f5 9. e3 O-O 10. f3 Nf6 11. Nh3 d6 12. Bd3 Qe7 13. Bg3 c5 14. O-O Nbd7 15.
Rfe1 Kh8 16. Rad1 Nh5 17. Nf4 Nxg3 18. hxg3 e5 19. dxe5 Nxe5 20. Bxf5 Qg5 21.
Be4 Bxe4 22. Qxe4 Qxg3 23. Rf1 Rae8 24. Ne2 Qg5 25. Rxd6 g6 26. Rd5 1-0

[Event "7th Asrian Memorial 2014"]
[Site "Jermuk ARM"]
[Date "2014.06.17"]
[Round "2.1"]
[White "Lorparizangeneh, Shahin"]
[Black "Pashikian, Arman"]
[Result "0-1"]
[WhiteTitle "FM"]
[BlackTitle "GM"]
[WhiteElo "2296"]
[BlackElo "2630"]
[WhiteFideId "12521604"]
[BlackFideId "13301578"]
[EventDate "2014.06.16"]

1. d4 d5 2. c4 e6 3. Nc3 Bb4 4. Nf3 Nf6 5. Qc2 dxc4 6. e4 b5 7. e5 Nd5 8. a4 c6
9. Bd2 Nxc3 10. bxc3 Be7 11. Qe4 O-O 12. axb5 Qd5 13. Qg4 f5 14. exf6 Bxf6 15.
Qg3 cxb5 16. Be2 Bb7 17. O-O Nc6 18. Bf4 Qe4 19. Rfe1 Bxd4 20. Bd6 Bf6 21. Bf1
Qf5 22. Bxf8 Rxf8 23. Re3 e5 24. h4 e4 25. Nh2 Be5 26. Qh3 Qxf2+ 27. Kh1 Bc8 28.
g4 Bxh2 0-1

[Event "7th Asrian Memorial 2014"]
[Site "Jermuk ARM"]
[Date "2014.06.17"]
[Round "2.2"]
[White "Hovhannisyan, Robert"]
[Black "Torosyan, Norayr"]
[Result "1-0"]
[WhiteTitle "GM"]
[WhiteElo "2601"]
[BlackElo "2322"]
[WhiteFideId "13302507"]
[BlackFideId "13300431"]
[EventDate "2014.06.16"]

1. e4 c6 2. d4 d5 3. e5 Bf5 4. Be2 e6 5. Nf3 c5 6. Be3 Qb6 7. Nc3 Qxb2 8. Qb1
Qb4 9. a3 Qa5 10. O-O Nd7 11. Qxb7 Rb8 12. Qa6 Qxa6 13. Bxa6 c4 14. Rfc1 Nh6 15.
Nh4 Bg6 16. h3 Be7 17. Nxg6 hxg6 18. g4 Kd8 19. Rcb1 Kc7 20. a4 Rxb1+ 21. Rxb1
Rb8 22. Bb5 g5 23. f4 gxf4 24. Bxf4 g5 25. Bg3 Nf8 26. Kf2 Rb7 27. a5 Kd8 28. a6
Rb8 29. Ke3 Ng6 30. Na4 Nf8 31. Be1 Kc8 32. Ba5 Bd8 33. Bd2 f6 34. exf6 Bxf6 35.
Nc5 e5 36. dxe5 Bxe5 37. Ke2 Nf7 38. Nb7 Ne6 39. Be3 d4 40. Bxc4 Nfd8 41. Bd2
Nf4+ 42. Kf3 Nxb7 43. axb7+ Kc7 44. h4 Rxb7 45. Rxb7+ Kxb7 46. Ke4 1-0

[Event "7th Asrian Memorial 2014"]
[Site "Jermuk ARM"]
[Date "2014.06.17"]
[Round "2.3"]
[White "Grigoryan, Karen H."]
[Black "Mikaelyan, Arman"]
[Result "1-0"]
[WhiteTitle "GM"]
[WhiteElo "2577"]
[BlackElo "2281"]
[WhiteFideId "13301004"]
[BlackFideId "13304852"]
[EventDate "2014.06.16"]

1. Nf3 Nf6 2. g3 g6 3. Bg2 Bg7 4. O-O O-O 5. c4 c6 6. b3 d5 7. Bb2 Nbd7 8. Nc3
e5 9. cxd5 Nxd5 10. Qc2 Nxc3 11. Bxc3 Re8 12. d3 Nb6 13. Rad1 Nd5 14. Bb2 Qe7
15. a3 e4 16. dxe4 Qxe4 17. Qxe4 Rxe4 18. Bxg7 Kxg7 19. Nd4 Re5 20. e4 Nc7 21.
f4 Ra5 22. a4 c5 23. Nf3 Bg4 24. f5 Ne8 25. Rd7 Nf6 26. Rxb7 Bxf3 27. Bxf3 Re8
28. fxg6 hxg6 29. Rc7 Ra6 30. Be2 Rae6 31. Rxa7 Rxe4 32. Bc4 R8e7 33. Rxe7 Rxe7
34. a5 Ne8 35. a6 Nd6 36. Ra1 Nc8 37. Ra5 Rc7 38. Rb5 Kf8 39. Rb7 Re7 40. Rb8
Re8 41. Bb5 1-0

[Event "7th Asrian Memorial 2014"]
[Site "Jermuk ARM"]
[Date "2014.06.17"]
[Round "2.4"]
[White "Sibashvili, Giorgi"]
[Black "Kotanjian, Tigran"]
[Result "1/2-1/2"]
[BlackTitle "GM"]
[WhiteElo "2274"]
[BlackElo "2546"]
[WhiteFideId "13602799"]
[BlackFideId "13301250"]
[EventDate "2014.06.16"]

1. d4 d5 2. c4 dxc4 3. Nf3 Nf6 4. e3 e6 5. Bxc4 c5 6. Nc3 a6 7. dxc5 Qxd1+ 8.
Kxd1 Bxc5 9. Bd3 Nbd7 10. b3 b5 11. Ne4 Be7 12. Bb2 Bb7 13. Nxf6+ Bxf6 14. Bxf6
gxf6 15. Ke2 Rg8 16. Rhg1 f5 17. Rac1 Ke7 18. Rc7 Bxf3+ 19. Kxf3 Kd6 20. Rcc1
Rac8 21. g3 Nf6 22. e4 fxe4+ 23. Bxe4 b4 24. Rgd1+ Ke5 25. Bb7 Rc3+ 26. Rxc3
bxc3 27. Ke2 a5 28. f4+ Kf5 29. Kf3 Rb8 30. Ba6 Nd5 31. Bc4 Rd8 32. Rc1 Rc8 33.
g4+ Kf6 34. Ke4 Rd8 35. Bxd5 Rxd5 36. Rxc3 Rd2 37. a4 Rxh2 38. Rc5 Rh3 39. Rb5
Kg6 40. Rg5+ Kf6 41. Rb5 Kg6 42. g5 h5 43. gxh6 Kxh6 44. f5 exf5+ 45. Kxf5 Kg7
46. Ke4 Kg6 47. Kd4 f5 48. Kc4 Rh4+ 1/2-1/2

[Event "7th Asrian Memorial 2014"]
[Site "Jermuk ARM"]
[Date "2014.06.17"]
[Round "2.5"]
[White "Aghasaryan, Robert"]
[Black "Bakunts, Rafael"]
[Result "1-0"]
[WhiteTitle "GM"]
[WhiteElo "2502"]
[BlackElo "2271"]
[WhiteFideId "13302841"]
[BlackFideId "13304097"]
[EventDate "2014.06.16"]

1. d4 Nf6 2. c4 e6 3. Nc3 Bb4 4. Qc2 O-O 5. e4 d6 6. Nf3 e5 7. Bd3 exd4 8. Nxd4
Nc6 9. Nxc6 bxc6 10. Bg5 Re8 11. f3 h6 12. Bh4 Qe7 13. O-O Bc5+ 14. Kh1 g5 15.
Bf2 Nd7 16. Rad1 a5 17. Be1 Bd4 18. Ne2 Bh8 19. Ng3 Be5 20. Bd2 Bxg3 21. hxg3
Nc5 22. Bc3 Nxd3 23. Qxd3 c5 24. Rde1 Bb7 25. e5 Qd7 26. g4 d5 27. cxd5 Qxd5 28.
Qe3 a4 29. Rd1 Qc6 30. a3 Rad8 31. e6 Qxe6 32. Qxc5 Bc6 33. Rfe1 Rxd1 34. Rxd1
Qg6 35. Qa7 Rc8 36. Qxc7 Re8 37. Rd6 1-0

[Event "7th Asrian Memorial 2014"]
[Site "Jermuk ARM"]
[Date "2014.06.17"]
[Round "2.6"]
[White "Matevosyan, Sedrak"]
[Black "Babujian, Levon"]
[Result "1/2-1/2"]
[BlackTitle "GM"]
[WhiteElo "2233"]
[BlackElo "2482"]
[WhiteFideId "13302035"]
[BlackFideId "13301993"]
[EventDate "2014.06.16"]

1. c4 e5 2. Nc3 Nf6 3. g3 d5 4. cxd5 Nxd5 5. Bg2 Nb6 6. Nf3 Nc6 7. O-O Be7 8. a3
O-O 9. b4 Be6 10. d3 Nd4 11. Nd2 c6 12. Bb2 a5 13. e3 Nf5 14. bxa5 Rxa5 15. Nb3
Ra7 16. Ne4 Nd7 17. d4 Qb6 18. Ned2 exd4 19. Bxd4 c5 20. Bc3 Qc7 21. a4 b6 22.
Qc2 Rd8 23. Rfc1 h5 24. Bb2 h4 25. Nd4 Nxd4 26. exd4 Nf6 27. dxc5 Qxc5 28. Ne4
Nxe4 29. Qxe4 Qb4 30. Qxb4 Bxb4 31. Bc3 Bxc3 32. Rxc3 b5 33. gxh4 b4 34. Rc5 b3
35. Rb5 g6 36. a5 Rd2 37. Rb1 Rad7 38. h3 Ra2 39. Bb7 Bc4 40. Rb4 Rxa5 41. Bc6
Rd4 42. Ba4 Rxh4 43. Bxb3 Bd3 44. Rxh4 Bxb1 45. Rf4 Bf5 46. Kh2 Kg7 47. Bd1 Ra3
48. Bf3 Be6 49. Bg2 Ra2 50. Kg1 f5 51. Rb4 g5 52. Rb6 Kf7 53. Rb5 Kf6 54. Bd5
Ra1+ 55. Kg2 Bc8 56. Bf3 Ba6 57. Rb2 Ke5 58. Be2 Bc8 59. Rb5+ Kd4 60. Rb4+ Kd5
61. Rb5+ Kc6 62. Re5 Kd6 63. Rb5 Bd7 64. Rb4 Ke5 65. Bf3 Ra5 66. Rb7 Bb5 67. Rc7
Kf4 68. Rc2 Bd3 69. Rd2 Ra3 70. Bb7 Rc3 71. Bd5 Ke5 72. Bf3 Bc4 73. Bb7 Bd3 74.
Bf3 Ra3 75. Bc6 Bc4 76. Bf3 Rc3 77. Bb7 Be6 78. Re2+ Kf6 79. Re3 Rc1 80. Bf3 Bc4
81. Kh2 Be6 82. Rd3 Rc7 83. Ra3 Rc4 84. Kg2 Bd7 85. Ra7 Rd4 86. Ra5 Be6 87. Ra3
Bc4 88. Ra5 Ke6 89. Rc5 Bd3 90. Ra5 Rb4 91. Ra3 Bc4 92. Re3+ Kd6 93. Re1 Rb3 94.
Rc1 Bb5 95. Rd1+ Ke5 96. Rd5+ Ke6 97. Rd1 Bd3 98. Re1+ Kd6 99. Re8 Bc4 100. Re1
f4 101. Rc1 Be6 102. Rd1+ Ke5 103. Bg4 Bd5+ 104. Kh2 Rb2 105. Kg1 Be4 106. Kf1
Rb3 107. Kg1 Rc3 108. Kh2 Bd5 109. Re1+ Kd4 110. Rd1+ Kc5 111. Kg1 Be4 112. Kh2
Rc2 113. Kg1 Kc4 114. Rd8 Rb2 115. Rd1 Kc3 116. Rc1+ Kb4 117. Re1 Bd5 118. Rd1
Ba8 119. Ra1 Bc6 120. Re1 Rc2 121. Bf5 Rc4 122. Bd3 Rc3 123. Bf1 Rc2 124. Bg2 f3
125. Bh1 g4 126. hxg4 Rc4 127. Kh2 Rxg4 128. Re3 Rh4+ 129. Kg1 Rf4 130. Kh2 Rf8
131. Kg3 Rg8+ 132. Kf4 1/2-1/2

[Event "7th Asrian Memorial 2014"]
[Site "Jermuk ARM"]
[Date "2014.06.17"]
[Round "2.7"]
[White "Gharagyozyan, Artur"]
[Black "Harutyunian, Tigran K."]
[Result "1/2-1/2"]
[BlackTitle "IM"]
[WhiteElo "2194"]
[BlackElo "2436"]
[WhiteFideId "13303279"]
[BlackFideId "13303635"]
[EventDate "2014.06.16"]

1. e4 e5 2. Nf3 Nc6 3. Bb5 Nf6 4. O-O Nxe4 5. Re1 Nd6 6. Nxe5 Be7 7. Bf1 Nxe5 8.
Rxe5 O-O 9. d4 Bf6 10. Re1 Re8 11. Rxe8+ Nxe8 12. c3 d5 13. Nd2 Nd6 1/2-1/2